000 00909nam1a22002291i 4500
001 rc\2999021
005 20240725232642.0
035 _a(NLR Aleph) 007142550
090 _a7070385
_c7070385
100 _a20110919d1941 |||y0rusy50 ca
101 0 _arus
102 _aRU
105 _ay z |||||
200 1 _aКурс политической экономии
_eЛекция 2-
_fВысшая школа пропагандистов им. Я.М. Свердлова при ЦК ВКП(б)
210 _aМосква
_cБ. и.
_d1941
_gтип. Высш. школы пропагандистов им. Я.М. Свердлова при ЦК ВКП (б)
215 _d22 см
333 _aТолько для преподавателей и слушателей
333 _aНа правах рукописи
801 0 _aRU
_bNLR
_gpsbo
801 1 _aRU
_bELAR
_2rusmarc
852 _aNLR
_j36-17/470(2)
942 _cBOOK